000 00562nam a22002051a 4500
001 3559
003 OSt
005 20260204211855.0
008 041130s1997||||mx ||||||b||||||||||spa||
020 _a9701014812
050 _a004.21 N552i
082 _a004.21 N552i
100 _aNiederst, Jennifer
245 _aIníciate en un nuevo medio: Diseño en el web / Jennifer Niederst
264 _aMéxico : McGraw-Hill
300 _a174 p
500 _aIncluye indice
650 _a1.Diseño - Tecnología de las Computaores 2.Páginas WebÌ
942 _2ddc
_cBK
999 _c3559
_d3559